Países más productores de avellanas - Estadísticas

Estadísticas generales
  • Esta prueba ha sido intentada 77 veces
  • La puntuación promedio es 8 de 12
Estadísticas de respuestas
ton. (aprox) País % Correcto
15,000 España
95%
85,000 Italia
95%
30,000 Estados Unidos
92%
8,000 Francia
91%
21,000 China
88%
2,500 Grecia
86%
650,000 Turquía
86%
20,000 Irán
61%
4,000 Polonia
47%
15,000 Chile
41%
24,000 Georgia
20%
29,000 Azerbaiyan
14%
No se encontraron pruebas coincidentes
Distribución de puntuación
Porcentaje de gente con cada puntuación
Porcentaje por número respondido
Historial de tus puntuaciones
No has intentado esta prueba.